<?xml version="1.0" encoding="UTF-8"?>
<record
    xmlns:xsi="http://www.w3.org/2001/XMLSchema-instance"
    xsi:schemaLocation="http://www.loc.gov/MARC21/slim http://www.loc.gov/standards/marcxml/schema/MARC21slim.xsd"
    xmlns="http://www.loc.gov/MARC21/slim">

  <leader>01693nam a22002177a 4500</leader>
  <controlfield tag="005">20240924125949.0</controlfield>
  <controlfield tag="008">211117s2007    ag ||||g |||| 001 f spa||</controlfield>
  <datafield tag="020" ind1=" " ind2=" ">
    <subfield code="a">9789871093526</subfield>
  </datafield>
  <datafield tag="041" ind1=" " ind2=" ">
    <subfield code="a">spa</subfield>
  </datafield>
  <datafield tag="092" ind1=" " ind2=" ">
    <subfield code="c">808.8</subfield>
    <subfield code="l">95</subfield>
    <subfield code="s">WIL</subfield>
  </datafield>
  <datafield tag="100" ind1="1" ind2=" ">
    <subfield code="a">Wilde, Oscar</subfield>
    <subfield code="9">1209</subfield>
  </datafield>
  <datafield tag="245" ind1=" " ind2="3">
    <subfield code="a">El retrato de Dorian Gray /</subfield>
    <subfield code="c">Oscar Wilde</subfield>
  </datafield>
  <datafield tag="250" ind1=" " ind2=" ">
    <subfield code="a">1a ed. 2a reimp.</subfield>
    <subfield code="b">Trad. Sergio Albano</subfield>
  </datafield>
  <datafield tag="260" ind1=" " ind2=" ">
    <subfield code="a">Buenos Aires:</subfield>
    <subfield code="b">Gradifco;</subfield>
    <subfield code="c">2007.</subfield>
  </datafield>
  <datafield tag="300" ind1=" " ind2=" ">
    <subfield code="a">256 p.</subfield>
    <subfield code="c">19x12 cm.</subfield>
  </datafield>
  <datafield tag="500" ind1=" " ind2=" ">
    <subfield code="a">Wilde, O. (2007). El retrato de Dorian Gray. (1a ed.). Buenos Aires : Gradifco.</subfield>
  </datafield>
  <datafield tag="505" ind1=" " ind2=" ">
    <subfield code="a">Cuando, en 1890, el Lippincott's Magazine public&#xF3; El Retrato de Dorian Gray, el rechazo y condena de la cr&#xED;tica inglesa fue casi in&#xE1;nime. El fundamento de la cr&#xED;tica era a&#xFA;n m&#xE1;s perverso e hip&#xF3;crita que los motivos que la suscitaron. Nadie recordar&#xED;a hoy a esos oscuros censores sino fuera por la obra de Wilde a cuyo carro se subieron para atar all&#xED; sus s&#xF3;rdidas banderas de moral. Oscar Wilde estaba asustado de horrorizar al p&#xFA;blico ingl&#xE9;s, sin embargo, esta objeci&#xF3;n, casi circunstancial, venia a encubrir un juicio a su homosexualidad, el cual tomaba el rodeo del producto literario para fustigar al autor por este "delito". Lo cierto es que esta magnifica obra pone al descubierto la hipocres&#xED;a y superficialidad de la aristocracia brit&#xE1;nica, y muestra a sus exponentes m&#xE1;s abominables vali&#xE9;ndose de una historia sorprendente que recuerda a ciertos pactos celebrados con el diablo para superar las debilidades y la finitud humana y alcanzar el sue&#xF1;o de una juventud y belleza eternas.     </subfield>
  </datafield>
  <datafield tag="590" ind1=" " ind2=" ">
    <subfield code="a">Donaci&#xF3;n Juan Carlos Constanzo, noviembre 2017.</subfield>
  </datafield>
  <datafield tag="655" ind1=" " ind2=" ">
    <subfield code="a">Literatura</subfield>
    <subfield code="9">2917</subfield>
  </datafield>
  <datafield tag="942" ind1=" " ind2=" ">
    <subfield code="2">ddc</subfield>
    <subfield code="c">LIT</subfield>
  </datafield>
  <datafield tag="999" ind1=" " ind2=" ">
    <subfield code="c">2592</subfield>
    <subfield code="d">2592</subfield>
  </datafield>
  <datafield tag="952" ind1=" " ind2=" ">
    <subfield code="0">0</subfield>
    <subfield code="1">0</subfield>
    <subfield code="2">ddc</subfield>
    <subfield code="4">0</subfield>
    <subfield code="7">0</subfield>
    <subfield code="8">NFIC</subfield>
    <subfield code="a">BFM</subfield>
    <subfield code="b">BFM</subfield>
    <subfield code="c">CR</subfield>
    <subfield code="d">2017-11-21</subfield>
    <subfield code="e">Donaci&#xF3;n Juan Carlos Constanzo</subfield>
    <subfield code="l">11</subfield>
    <subfield code="m">2</subfield>
    <subfield code="o">808.8 95 WIL</subfield>
    <subfield code="p">4057</subfield>
    <subfield code="r">2022-08-10</subfield>
    <subfield code="s">2022-06-23</subfield>
    <subfield code="t">Ej. 1</subfield>
    <subfield code="w">2017-11-21</subfield>
    <subfield code="y">LIT</subfield>
    <subfield code="z">Donaci&#xF3;n Juan Carlos Constanzo, noviembre 2017.</subfield>
  </datafield>
</record>
